Niet prečo uspokojiť sa K majstrovstvám ČSSR vo volejbale mužov

Podrobná bibliografia
Hlavný autor: Pišťánek, Jozef, 1934-2007 (Autor)
Médium: Článok
Jazyk:slovenčina
Predmet:

MARC

LEADER 00000nab a2200000 a 4500
001 vtls000020813
003 SK-MaSNL
005 20260303192616.0
008 111103c1979 xo 0 slo
015 |a SNBRB19rr/mm-uuuuu 
035 |a CL0030907 
040 |a SNKBUCL  |b slo  |c SNKBUCL  |e AACR2 
041 0 |a slo 
044 |a xo  |c SK 
080 |a 796.3  |2 1981 
100 1 |a Pišťánek, Jozef,  |d 1934-2007  |4 aut  |9 105760 
245 1 0 |a Niet prečo uspokojiť sa  |b K majstrovstvám ČSSR vo volejbale mužov  |c Jozef Pišťánek 
650 0 7 |a volejbal  |2 snkbucl  |9 3294 
655 7 |a články z novín a časopisov  |2 snkbucl  |9 267496 
773 0 |t Šport  |g Roč. 31, č. 32 (7. 2. 1979), s. 3 
850 |a Slovenská národná knižnica v Martine  |a MTA001 
852 |a SNK  |b KIS3GCP 
958 |a RK 
992 |a RBX 
999 |c 2147376  |d 2149306